| 000 | 02263nam0a22003011 4500 | ||
|---|---|---|---|
| 001 | rc\3155575 | ||
| 005 | 20260407161756.0 | ||
| 021 |
_aRU _b[76-74530] |
||
| 035 | _a(NLR Aleph) 007323490 | ||
| 090 |
_a5934595 _c5934595 |
||
| 100 | _a20120615d1976 |||y0rusy50 ca | ||
| 101 | 0 | _arus | |
| 102 | _aRU | ||
| 105 | _ay z ||||| | ||
| 200 | 1 | _aТезисы докладов на Семинаре-совещании по теме "Нормирование и организация труда в сетевых предприятиях" (г. Тернополь, 21-22 сентября 1976 г.) | |
| 210 |
_aМосква _cСлужба передового опыта эксплуатации энергосистем Оргрэс _d1976 |
||
| 215 |
_a76 с. _d19 |
||
| 300 | _aВ надзаг.: М-во энергетики и электрификации СССР, Упр. по нормированию труда и заработной платы, Специализир. организация по нормированию, организации труда и управления в энергетике | ||
| 532 | 1 | 3 | _aТезисы докладов на Семинаре-совещании по теме Нормирование и организация труда в сетевых предприятиях (г. Тернополь, 21-22 сентября 1976 г.) |
| 606 |
_aЭлектрические сети _xЭксплуатация _xТехническое нормирование _jТезисы докладов _2psbo |
||
| 606 |
_aЭлектрические сети _xЭксплуатация _xОрганизация труда _jТезисы докладов _2psbo |
||
| 710 | 1 | 2 |
_aСеминар-совещание по теме "Нормирование и организация труда в сетевых предприятиях" _eТернополь _f1976 _9700778 _3RU\NLR\AUTH\8810099879 |
| 712 | 1 | 2 |
_aСеминар-совещание по теме "Нормирование и организация труда в сетевых предприятиях" _eТернополь _f1976 _9700778 _3RU\NLR\AUTH\8810099879 |
| 801 | 0 |
_aRU _bNLR _gpsbo |
|
| 801 | 1 |
_aRU _bELAR _2rusmarc |
|
| 852 |
_aNLR _j77-4/1408 |
||
| 942 | _cBOOK | ||
| 980 | _aNB | ||